| 000 | 01435nam2a2200289 4500 | ||
|---|---|---|---|
| 001 | v19\rc\1594748 | ||
| 005 | 20260415135208.0 | ||
| 035 | _a(NLR Aleph) 004718420 | ||
| 090 |
_a4298162 _c4298162 |
||
| 100 | _a20061002d1895 u y0rusy50 ca | ||
| 101 | 0 | _arus | |
| 102 | _aRU | ||
| 105 | _aa z 000yy | ||
| 200 | 1 |
_aОбщия понятия о заразных болезнях животных _aЧума рогатаго скота |
|
| 210 |
_d1895 _gТипо-лит. Высоч. утв. Т-ва И. Н. Кушнерев и Ко |
||
| 215 |
_a26 с. _cил. |
||
| 461 | 0 |
_1001v19\rc\1594747 _12001#$aВетеринария в применении к сельскому хозяйству$fН. А. Мурашкинцев$v1 _1700#1$aМурашкинцев$bН. А.$f1858-$gНиколай Андреевич _94298153 _aМурашкинцев, Н. А. (1858-) _cМосква _d1895 _fН. А. Мурашкинцев _nиздание К. И. Тихомирова _tВетеринария в применении к сельскому хозяйству _v1 |
|
| 518 | 1 | _aЧума рогатого скота | |
| 518 | 1 | _aОбщие понятия о заразных болезнях животных | |
| 801 | 0 |
_aRU _bNLR _gpsbo |
|
| 801 | 0 |
_aRU _bRuMoRGB _2psbo |
|
| 801 | 1 |
_aRU _bProSoft-M _2rusmarc |
|
| 852 |
_aNLR _j18.188.2.533(1) |
||
| 899 |
_aRuMoRGB _jA 218/2030 |
||
| 942 | _cBOOK | ||
| 980 | _aNB | ||